| 000 | 01899cam a22004097a 4500 | ||
|---|---|---|---|
| 005 | 20260322212020.0 | ||
| 008 | data | ||
| 010 |
_a 2012934756 _z 2012936411 |
||
| 020 | _a9781118095225 (pbk) | ||
| 020 | _a1118095227 (pbk) | ||
| 020 | _z9781118223581 (ebk) | ||
| 020 | _z9781118236871 (ebk) | ||
| 020 | _z9781118261927 (ebk) | ||
| 020 | _a1118095227 | ||
| 040 |
_aBTCTA _beng _cBTCTA _dDLC _dYDXCP _dGZF _dWIQ _dILC _dON8 _dBUR _dMQP _dNHA _dOCLCF _dDLC |
||
| 042 | _alccopycat | ||
| 050 | 0 | 0 |
_aRC569.5.C63 _bL35 2012 |
| 082 | 0 | 4 |
_a616.869 _223 |
| 092 | _a616.86 L35 2012 | ||
| 100 | 1 | _aLancer, Darlene. | |
| 245 | 1 | 0 |
_aCodependency for dummies / _cDarlene Lancer. |
| 260 |
_aHoboken, NJ : _bJohn Wiley & Sons, _cc2012. |
||
| 300 |
_axvi, 316 p. : _bill. ; _c24 cm. |
||
| 490 | 1 | _a--For dummies | |
| 500 | _aIncludes index. | ||
| 505 | 0 | _aWhat is codependency and who is codependent? -- Breaking the cycle of codependency: beginning recovery -- The skills: taking action -- Standing on your own: leaving codependency behind -- The part of tens. | |
| 520 | _aCodependency is a learned behavior that can be passed down from generation to generation. Lancer offers assistance in understanding the history, symptoms, causes, and relationship dynamics, and lays out a clear plan for recovery. | ||
| 650 | 0 | _aCodependency. | |
| 650 | 0 | _aSelf-care, Health. | |
| 650 | 7 | _aCodependency. | |
| 650 | 7 | _aSelf-care, Health. | |
| 830 | 0 | _a--For dummies. | |
| 856 | 4 | 2 |
_3Contributor biographical information _uhttp://www.loc.gov/catdir/enhancements/fy1409/2012934756-b.html |
| 856 | 4 | 2 |
_3Publisher description _uhttp://www.loc.gov/catdir/enhancements/fy1409/2012934756-d.html |
| 856 | 4 | 1 |
_3Table of contents only _uhttp://www.loc.gov/catdir/enhancements/fy1409/2012934756-t.html |
| 001 | data | ||
| 999 |
_c444 _d444 |
||